مكتبة جامعة عجلون الوطنية

فهرس بحث المكتبة

حجية حكم التحكيم الإلكتروني = The validity of electronic arbitration awards / (Record no. 34021)

MARC details
000 -LEADER
fixed length control field 00978nam a22002057a 4500
003 - CONTROL NUMBER IDENTIFIER
control field JO-AjAnu
005 - DATE AND TIME OF LATEST TRANSACTION
control field 20250929132354.0
008 - FIXED-LENGTH DATA ELEMENTS--GENERAL INFORMATION
fixed length control field 250929b jo ||||| |||| 00| 0 ara d
040 ## - CATALOGING SOURCE
Original cataloging agency JO-AjAnu
Language of cataloging ara
Transcribing agency JO-AjAnu
Modifying agency JO-AjAnu
Description conventions rda
041 #0 - LANGUAGE CODE
Language code of text/sound track or separate title ara
Language code of original ara
050 ## - LIBRARY OF CONGRESS CALL NUMBER
Classification number K2400
Item number 2025
100 #1 - MAIN ENTRY--PERSONAL NAME
Personal name بني ياسين، وفاء طارق
Relator term معد
9 (RLIN) 66718
245 #0 - TITLE STATEMENT
Title حجية حكم التحكيم الإلكتروني = The validity of electronic arbitration awards /
Statement of responsibility, etc. اعداد وفاء طارق بني ياسين ؛ اشراف احمد فهد البطوش
260 ## - PUBLICATION, DISTRIBUTION, ETC.
Place of publication, distribution, etc. 2025
300 ## - PHYSICAL DESCRIPTION
Extent 106 ورقة
504 ## - BIBLIOGRAPHY, ETC. NOTE
Bibliography, etc. note رسالة جامعية (رسالة ماجستير في القانون)- جامعة عجلون الوطنية (عجلون، الاردن)- كلية الحقوق، قسم القانون، 2025.
650 70 - SUBJECT ADDED ENTRY--TOPICAL TERM
Topical term or geographic name entry element التحكيم الالكتروني - قوانين وتشريعات
9 (RLIN) 66719
700 #1 - ADDED ENTRY--PERSONAL NAME
Personal name البطوش، أحمد فهد
9 (RLIN) 59198
942 ## - ADDED ENTRY ELEMENTS (KOHA)
Source of classification or shelving scheme Library of Congress Classification
Koha item type Thesis
Suppress in OPAC No
Holdings
Withdrawn status Lost status Source of classification or shelving scheme Damaged status Not for loan Home library Current library Date acquired Total Checkouts Full call number Barcode Date last seen Price effective from Koha item type
    Library of Congress Classification     مكتبة جامعة عجلون الوطنية مكتبة جامعة عجلون الوطنية 29/09/2025   K2400 2025 a30338 29/09/2025 29/09/2025 Thesis
    Library of Congress Classification     مكتبة جامعة عجلون الوطنية مكتبة جامعة عجلون الوطنية 29/09/2025   K2400 2025 a30337 29/09/2025 29/09/2025 Thesis